Limitaciones de derecho sucesorio a la facultad de disponer

Enregistré dans:
Détails bibliographiques
Auteur principal: Vallet de Goytisolo, Juan (Auteur)
Format: Livre
Langue:espagnol
Publié: Madrid Instituto Nacional de Estudios Jurídicos 1974
Collection:Tratado Práctico y Crítico de Derecho Civil, 58
Sujets:
Tags: Ajouter un tag
Pas de tags, Soyez le premier à ajouter un tag!

MARC

LEADER 00000nam a2200000 a 4500
001 UCS1346
003 CL-VaPUC
008 970509e19740000SP |||||||||||||||||spa|d
082 0 4 |a 346.052  |b VAL  |2 21 
100 0 |a Vallet de Goytisolo, Juan  |e author  |9 385719 
245 1 0 |a Limitaciones de derecho sucesorio a la facultad de disponer 
300 |a t 
942 |c BK 
945 |d 19970509 00:00:00  |a paguirre 
260 |a Madrid  |b Instituto Nacional de Estudios Jurídicos  |c 1974 
650 0 |a Derecho civil  |9 255013 
650 0 |a Derecho sucesorio  |9 255015 
650 0 |a Testamento  |9 258220 
650 0 |a Herencia  |9 256325 
650 0 |a Filiación  |9 256647 
650 7 |a FILIACION NATURAL  |2 CL-VaPUC  |9 385176 
650 7 |a DERECHO HEREDITARIO  |2 CL-VaPUC  |9 385720 
583 |a last modification  |c 19970509 00:00:00  |k Rodrigo Vera 
490 0 |a Tratado Práctico y Crítico de Derecho Civil, 58 
999 |c 259441  |d 259439 
952 |0 0  |1 0  |4 0  |6 346_052000000000000_VAL_1974  |7 0  |8 A  |9 284167  |a BIBDER  |b BIBDER  |d 2019-11-19  |h t.1 v.1  |i 1845411  |o 346.052 VAL 1974  |p 1845411  |r 2023-01-25  |w 2019-11-19  |y BK  |k DER 
952 |0 0  |1 0  |4 0  |6 346_052000000000000_VAL_1974  |7 0  |8 A  |9 284168  |a BIBDER  |b BIBDER  |d 2019-11-19  |h t.1 v.2  |i 184542K  |o 346.052 VAL 1974  |p 184542K  |r 2023-01-25  |w 2019-11-19  |y BK  |k DER